Statistics for 2-Country Trivia

Click here to take the quiz!

General Stats

  • This quiz has been taken 27 times
  • The average score is 7 of 10

Answer Stats

Answer% Correct
San Marino
96%
Turkey
96%
Vatican City
96%
Russia
88%
Liechtenstein
76%
Uzbekistan
72%
Netherlands
64%
Denmark
52%
Azerbaijan
40%
Equatorial Guinea
28%

Score Distribution

Percentile by Number Answered

Percent of People with Each Score

Your Score History

You have not taken this quiz